| 000 | 00475 a2200157 4500 | ||
|---|---|---|---|
| 999 |
_c5801 _d5801 |
||
| 020 | _a9788177543339 | ||
| 050 | _aSB950MAN2012 | ||
| 100 |
_aManisegaran, S _eauthor |
||
| 245 |
_aPest management in field crops: _bPrinciples and practices / _cManisegaran S and Soundararajan R.P |
||
| 264 |
_aNew Delhi: _bAgrobios, _c2012 |
||
| 300 | _a297p. : | ||
| 500 | _aincludes index | ||
| 650 | _apest management | ||
| 700 |
_aSoundararajan R.P _eauthor |
||
| 942 |
_2lcc _cBK _h950 _iMAN _kSB |
||